| 000 | 01204cam a2200289Ii 4500 | ||
|---|---|---|---|
| 001 | islandbenc00benc | ||
| 003 | CaSfIA | ||
| 005 | 20210118103827.0 | ||
| 007 | cr|||| | ||
| 008 | 800319s1980 nyu 000 1 eng d | ||
| 040 |
_aBPL _cBPL _dBOS _dOCLCQ _dCaSfIA |
||
| 020 |
_a0553133969 (pbk.) : _c$2.75 |
||
| 020 | _a9780553133967 (pbk.) | ||
| 035 | _a(OCoLC)6104349 | ||
| 050 | 4 |
_aPS3552.E537 _bI85 1980 |
|
| 082 | 0 | 4 |
_a813/.5/4 _219 |
| 100 | 1 | _aBenchley, Peter. | |
| 245 | 1 | 4 |
_aThe island / _h[electronic resource] _cPeter Benchley. |
| 260 |
_aNew York : _bBantam, _cc1980. |
||
| 300 |
_a274 p. ; _c18 cm. |
||
| 029 | 1 |
_aNLGGC _b085914606 |
|
| 856 | 4 | 1 |
_uhttp://www.archive.org/details/islandbenc00benc _zFree eBook from the Internet Archive |
| 856 | 4 | 2 |
_uhttp://www.openlibrary.org/books/OL24211088M _zAdditional information and access via Open Library |
| 942 | _cEB | ||
| 506 | _fНеобхідна авторизація на https://archive.org/ (створення облікового запису безкоштовно) | ||
| 506 | _fНеобхідна авторизація на https://openlibrary.org/ (створення облікового запису безкоштовно) | ||
| 999 |
_c513106 _d513106 |
||